Statistics for U.S States that Start and End in Consonants.

Click here to take the quiz!

General Stats

  • This quiz has been taken 82 times
  • The average score is 13 of 14

Answer Stats

HintAnswer% Correct
8New York
98%
12Washington
98%
10Texas
96%
7New Jersey
95%
1Connecticut
93%
6Michigan
93%
14Wyoming
93%
2Kansas
91%
11Vermont
91%
3Kentucky
89%
4Maryland
89%
5Massachusetts
89%
13Wisconsin
89%
9Rhode Island
86%

Score Distribution

Percentile by Number Answered

Percent of People with Each Score

Your Score History

You have not taken this quiz